Región de Coquimbo: desafíos de la economía de mercado y de exportacion hacia el año 2000
Uloženo v:
| Médium: | Kniha |
|---|---|
| Jazyk: | španělština |
| Vydáno: |
Santiago
Fundación Friedrich Naumann
1995
|
| Témata: | |
| Tagy: |
Přidat tag
Žádné tagy, Buďte první, kdo vytvoří štítek k tomuto záznamu!
|
MARC
| LEADER | 00000nam a2200000 a 4500 | ||
|---|---|---|---|
| 001 | UCY7545 | ||
| 003 | CL-VaPUC | ||
| 005 | 20241024142444.0 | ||
| 008 | 950614e19950000cl 1 spa d | ||
| 082 | 0 | 4 | |a 330.9 |b SEM |2 21 |
| 245 | 1 | 0 | |a Región de Coquimbo: desafíos de la economía de mercado y de exportacion hacia el año 2000 |
| 246 | 1 | 0 | |a Hacia un municipio moderno al servicio de la comunidad |
| 246 | 1 | 0 | |a Micro y pequeñas empresas: buscando nuevos espacios para su desarrollo |
| 260 | |a Santiago |b Fundación Friedrich Naumann |c 1995 | ||
| 300 | |a 226 p | ||
| 583 | |a last modification |c 20131003 02:39:57 |k Rodrigo Vera | ||
| 650 | 0 | 0 | |a Economía de libre mercado |9 341238 |
| 650 | 0 | 7 | |a COMERCIO INTERNACIONAL |2 CL-VaPUC |9 617241 |
| 650 | 0 | 7 | |a EXPORTACIONES |2 CL-VaPUC |9 255382 |
| 650 | 0 | 7 | |a IMPORTACIONES |2 CL-VaPUC |9 359079 |
| 650 | 0 | 7 | |a GOBIERNO MUNICIPAL |2 CL-VaPUC |9 342634 |
| 650 | 0 | 7 | |a MICROEMPRESAS |2 CL-VaPUC |9 373511 |
| 650 | 0 | 0 | |a Microeconomía |9 258126 |
| 651 | 0 | |a Coquimbo, Chile |9 319271 | |
| 942 | |c BK | ||
| 945 | |a rbrito |d 19950614 00:00:00 | ||
| 546 | |a En Español | ||
| 518 | |p Seminario Región de Coquimbo: Desafios de la economía de mercado y de exportación hacia el año 2000. La Serena, 1993 | ||
| 999 | |c 382392 |d 382390 | ||
| 952 | |0 0 |1 0 |4 0 |6 330_900000000000000_SEM_1995 |7 0 |8 A |9 504061 |a BIBTEO |b BIBTEO |d 2020-01-23 |i 3093859 |o 330.9 SEM 1995 |p 3093859 |r 2025-01-17 |w 2020-01-23 |y BK |k ICR | ||